| 000 | 00751nam a2200229 i 4500 | ||
|---|---|---|---|
| 001 | 13301 | ||
| 003 | ES-MaACL | ||
| 005 | 20250805063221.0 | ||
| 007 | t| | ||
| 008 | 980127s1997 sp ||||1| spa d | ||
| 020 | _a84-605-6568-8 | ||
| 080 | _a061.236.61(460):355"1931/39" | ||
| 080 | _a355"1931/39":061.236.61(460) | ||
| 100 | 1 |
_aLavaur, Luis, _d1917- _970695 |
|
| 245 | 1 | 0 |
_aMasonería y ejército en la segunda república _b: (1931-1939) / _cLuis Lavaur. |
| 260 |
_aMadrid : _bEl autor, _cD.L. 1997. |
||
| 300 |
_a188 p., 23 p. de lám. ; _c24 cm. |
||
| 610 | 2 | 4 |
_aMasonería- _zEspaña- _yS.XX. _95664 |
| 650 | 1 | 4 |
_aFuerzas armadas- _zEspaña- _y1931-1939. _912999 |
| 852 |
_aES-MaACL _jL-20602 _bR.126259 |
||
| 999 |
_c13301 _d13301 |
||